000 00414nam a2200169Ia 4500
008 230711s9999||||xx |||||||||||||| ||und||
020 _a978-81-8333-371-9
041 _aENG
082 _a5.133
_bBA-H
100 _aBayross,Ivan
245 0 _aHTML 5 and CSS 3 made simple
250 _a1st Ed.
260 _c2011
_aNew Delhi
_bBPB Publications
300 _a301p.
650 _aComputer Engineering
942 _cBK
999 _c6367
_d6367